|
|
|
|
| LEADER |
00000cam a22000004a 4500 |
| 001 |
musev2_69952 |
| 003 |
MdBmJHUP |
| 005 |
20230905051223.0 |
| 006 |
m o d |
| 007 |
cr||||||||nn|n |
| 008 |
170130s2017 ncu o 00 0 eng d |
| 010 |
|
|
|z 2017004591
|
| 020 |
|
|
|a 9780822372936
|
| 020 |
|
|
|z 9780822363873
|
| 020 |
|
|
|z 9780822371403
|
| 035 |
|
|
|a (OCoLC)1077295566
|
| 040 |
|
|
|a MdBmJHUP
|c MdBmJHUP
|
| 100 |
1 |
|
|a Hall, Stuart,
|d 1932-2014,
|e author.
|
| 245 |
1 |
0 |
|a Familiar Stranger :
|b A Life Between Two Islands /
|c Stuart Hall with Bill Schwarz.
|
| 264 |
|
1 |
|a Durham :
|b Duke University Press,
|c 2017.
|
| 264 |
|
3 |
|a Baltimore, Md. :
|b Project MUSE,
|c 2020
|
| 264 |
|
4 |
|c ©2017.
|
| 300 |
|
|
|a 1 online resource (320 pages).
|
| 336 |
|
|
|a text
|b txt
|2 rdacontent
|
| 337 |
|
|
|a computer
|b c
|2 rdamedia
|
| 338 |
|
|
|a online resource
|b cr
|2 rdacarrier
|
| 490 |
0 |
|
|a Stuart Hall : selected writings
|
| 505 |
0 |
|
|a Jamaica -- Colonial landscapes, colonial subjects -- The two Jamaicas -- Thinking the Caribbean: Creolizing thinking -- Race and its disavowal -- Leaving Jamaica -- Conscripts of modernity -- Journey to an illusion -- Encountering Oxford: the makings of a diasporic self -- Caribbean migration: the windrush generation -- Transition zone -- England at home -- Politics.
|
| 520 |
|
|
|a With great insight, compassion, and wit Stuart Hall (1932-2014) tells how his experiences-from growing up in colonial Jamaica and attending Oxford to participating in the thorny politics of 1950s and 1960s Britain-shaped his intellectual and political work to become one of his age's brightest intellectual lights.
|
| 546 |
|
|
|a In English.
|
| 588 |
|
|
|a Description based on print version record.
|
| 600 |
1 |
7 |
|a Hall, Stuart
|d 1932-2014
|2 gnd
|
| 600 |
1 |
7 |
|a Hall, Stuart,
|d 1932-2014.
|2 fast
|0 (OCoLC)fst01427202
|
| 600 |
1 |
0 |
|a Hall, Stuart,
|d 1932-2014.
|
| 650 |
|
7 |
|a Soziologe
|2 gnd
|
| 650 |
|
7 |
|a Jamaikaner
|2 gnd
|
| 650 |
|
7 |
|a Sociologists.
|2 fast
|0 (OCoLC)fst01123865
|
| 650 |
|
7 |
|a Jamaicans.
|2 fast
|0 (OCoLC)fst00981301
|
| 650 |
|
7 |
|a BIOGRAPHY & AUTOBIOGRAPHY
|x General.
|2 bisacsh
|
| 650 |
|
7 |
|a SOCIAL SCIENCE
|x Sociology
|x General.
|2 bisacsh
|
| 650 |
|
7 |
|a SOCIAL SCIENCE
|x Regional Studies.
|2 bisacsh
|
| 650 |
|
7 |
|a SOCIAL SCIENCE
|x Anthropology
|x General.
|2 bisacsh
|
| 650 |
|
6 |
|a Jamaïquains
|z Grande-Bretagne
|v Biographies.
|
| 650 |
|
6 |
|a Sociologues
|z Grande-Bretagne
|v Biographies.
|
| 650 |
|
6 |
|a Sociologues
|z Jamaïque
|v Biographies.
|
| 650 |
|
0 |
|a Jamaicans
|z Great Britain
|v Biography.
|
| 650 |
|
0 |
|a Sociologists
|z Great Britain
|v Biography.
|
| 650 |
|
0 |
|a Sociologists
|z Jamaica
|v Biography.
|
| 651 |
|
7 |
|a Jamaica.
|2 fast
|0 (OCoLC)fst01211575
|
| 651 |
|
7 |
|a Great Britain.
|2 fast
|0 (OCoLC)fst01204623
|
| 610 |
1 |
7 |
|a Grossbritannien
|b Consulate
|g Frankfurt am Main
|2 gnd
|
| 655 |
|
7 |
|a Autobiographies.
|2 rvmgf
|
| 655 |
|
7 |
|a Autobiographies.
|2 lcgft
|
| 655 |
|
7 |
|a Autobiographies.
|2 fast
|0 (OCoLC)fst01919894
|
| 655 |
|
7 |
|a Biographies.
|2 fast
|0 (OCoLC)fst01919896
|
| 655 |
|
2 |
|a Autobiography
|
| 655 |
|
7 |
|a Electronic books.
|2 local
|
| 700 |
1 |
|
|a Schwarz, Bill,
|d 1951-
|e editor.
|
| 710 |
2 |
|
|a Project Muse.
|e distributor
|
| 830 |
|
0 |
|a Book collections on Project MUSE.
|
| 856 |
4 |
0 |
|z Texto completo
|u https://projectmuse.uam.elogim.com/book/69952/
|
| 945 |
|
|
|a Project MUSE - Custom Collection
|